En torno a los orígenes del feudalismo / (Record no. 137424)

MARC details
000 -LEADER
campo de control de longitud fija 01009nam a2200205 i 4500
001 - NÚMERO DE CONTROL
campo de control 137424
003 - IDENTIFICADOR DE NÚMERO DE CONTROL
campo de control ES-MaACL
005 - FECHA Y HORA DE LA ÚLTIMA TRANSACCIÓN
campo de control 20250819165550.0
007 - CAMPO FIJO DE DESCRIPCIÓN FÍSICA--INFORMACIÓN GENERAL
campo de control de longitud fija t|
008 - DATOS DE LONGITUD FIJA--INFORMACIÓN GENERAL
campo de control de longitud fija 070214s1942 ag r ||||1| spa d
100 1# - ENTRADA PRINCIPAL--NOMBRE DE PERSONA
Nombre de persona Sánchez-Albornoz, Claudio,
Fechas asociadas al nombre 1893-1984
9 (RLIN) 102440
245 10 - MENCIÓN DEL TÍTULO
Título En torno a los orígenes del feudalismo /
Mención de responsabilidad, etc. Claudio Sánchez-Albornoz.
260 ## - PUBLICACIÓN, DISTRIBUCIÓN, ETC.
Lugar de publicación, distribución, etc. Mendoza (Argentina) :
Nombre del editor, distribuidor, etc. [s.n.],
Fecha de publicación, distribución, etc. 1942 (
Fabricante Talls. Gráf. de J. Belmonte)
300 ## - DESCRIPCIÓN FÍSICA
Extensión 3 v. ;
Dimensiones 28 cm.
500 ## - NOTA GENERAL
Nota general Precede al Tit : Universidad Nacional de Cuyo.
505 8# - NOTA DE CONTENIDO CON FORMATO
Nota de contenido con formato Contiene:1 ;
Título Fideles y gardingos en la monarquía visigoda. Raíces del vasallaje y del beneficio hispanos - 2 ;
-- Los árabes y el régimen feudal prefeudal carolingio. Fuentes de la historia hispano-musulmana del siglo VIII - 3 ;
-- Los árabes y el régimen prefeudal carolingio. La caballería musulmana y la caballería franca del siglo VIII
650 #7 - PUNTO DE ACCESO ADICIONAL DE MATERIA--TÉRMINO DE MATERIA
Término de materia o nombre geográfico como elemento de entrada Feudalismo
Fuente del encabezamiento o término embne
9 (RLIN) 12768
852 ## - LOCALIZACIÓN
Ubicación ES-MaACL
Número de control de estantería B-1739-41
Holdings
Estatus retirado Estado de pérdida Estado de daño No para préstamo Biblioteca de origen Biblioteca actual Ubicación en estantería Fecha de adquisición Fuente de adquisición Total de préstamos Signatura topográfica completa Código de barras Visto por última vez Precio de reemplazo Tipo de ítem Koha
        Biblioteca del Ateneo de Madrid Biblioteca del Ateneo de Madrid Sala Pardo Bazán 17/01/2008     B-1739-41 1143009 23/02/2023 23/02/2023 Libro impreso